Smart mesto a jeho vplyv na cestovný ruch v krajskom meste Trnava diplomová práca

Guardado en:
Detalles Bibliográficos
Autor principal: Kopáčiková, Laura
Autor Corporativo: Obchodná fakulta EU. Katedra služieb a cestovného ruchu - zrušené
Otros Autores: Novacká, Ľudmila, 1953-
Formato: Libro
Lenguaje:eslovaco
Publicado: Bratislava 2019
Etiquetas: Agregar Etiqueta
Sin Etiquetas, Sea el primero en etiquetar este registro!

MARC

LEADER 00000nbm a2200000 4500
001 0254086
005 20191029091845.5
041 0 |a slo 
044 |a SK 
245 1 0 |a Smart mesto a jeho vplyv na cestovný ruch v krajskom meste Trnava  |b diplomová práca  |c Laura Kopáčiková ; školiteľ: Ľudmila Novacká 
264 1 |a Bratislava  |c 2019 
300 |a 65 s. 
100 1 |a Kopáčiková, Laura 
700 1 |a Novacká, Ľudmila, 1953- 
710 2 |a Obchodná fakulta EU. Katedra služieb a cestovného ruchu - zrušené